Nommez ces personnes célèbres - Quiz d'images - Statistiques

Statistiques générales
  • Ce quiz a été pris 640 fois
  • Le résultat moyen est 6 sur 15
Statistiques - réponses
Par images Hint Réponse % Correct
Portugal Cristiano Ronaldo
92%
États-Unis Serena Williams
86%
Argentine Diego Maradona
78%
Allemagne Michael Schumacher
63%
France Audrey Tautou
62%
Australie Margot Robbie
55%
Afrique du Sud Charlize Theron
39%
Espagne Javier Bardem
36%
Italie Sophia Loren
26%
Senegal Youssou N'Dour
18%
Russie Anna Kournikova
15%
Bolivie Evo Morales
10%
Mexique Gael García Bernal
9%
Royaume-Uni Joan collins
9%
Colombie Gabriel Garcia Marquez
6%
Aucun quiz correspondant
Distribution des résultats
% des personnes avec chaque résultat
Percentile par nombre de réponses
Votre historique - résultats
Vous n’avez pas pris ce quiz